00342nam a2200133Ia 4500008004100000100003200041245004300073250001200116260003600128300000800164650001200172942000700184999001700191190216s9999||||xx |||||||||||||| ||und|| aSharma. J.K And Sarkar. K.K 0aThermodynamics And Statistical Physics a3rd Ed. bHimalaya Publishing Housec1991 a443 aPhysics cBK c33296d33296